书目信息 |
| 题名: |
管理会计实务
|
|
| 作者: | 郑卫茂 编著 | |
| 分册: | ||
| 出版信息: | 上海 上海财经大学出版社 2002 |
|
| 页数: | 405页 | |
| 开本: | 21cm | |
| 丛书名: | ||
| 单 册: | ||
| 中图分类: | F234.3 | |
| 科图分类: | ||
| 主题词: | 管理会计--高等学校 | |
| 电子资源: | ||
| ISBN: | 7-81049-727-8 | |
| 000 | 00596nam0 2200205 45 | |
| 001 | 0311181017 | |
| 005 | 20031219104121.7 | |
| 010 | @a7-81049-727-8@dCNY23.00 | |
| 100 | @a20031118d2002 km y0chiy0120 ea | |
| 101 | 0 | @achi |
| 105 | @a z 000yy | |
| 200 | 1 | @a管理会计实务@AGuan Li Kuai Ji Shi Wu@f郑卫茂编著@FZheng Wei Mao Bian Zhu |
| 210 | @a上海@c上海财经大学出版社@d2002 | |
| 215 | @a405页@d21cm | |
| 300 | @a新世纪高职高专会计专业教材 | |
| 606 | 0 | @a管理会计@x高等学校 |
| 690 | @aF234.3@v4 | |
| 701 | @a郑卫茂@4编著 | |
| 801 | @aCN@bTSTC@c20031118 | |
| 905 | @b328456-460@dF234.3@e126@f5 | |
| 管理会计实务/郑卫茂编著.-上海:上海财经大学出版社,2002 |
| 405页;21cm |
| 新世纪高职高专会计专业教材 |
| ISBN 7-81049-727-8:CNY23.00 |
| ● |
| 相关链接 |
|
|
|
|
正题名:管理会计实务
索取号:F234.3/126
 
预约/预借
| 序号 | 登录号 | 条形码 | 馆藏地/架位号 | 状态 | 备注 |
| 1 | 0328456 | 203284560 | 第一借阅区/ [索取号:F234.3/126] | 在馆 | |
| 2 | 0328457 | 203284579 | 第一借阅区/ [索取号:F234.3/126] | 在馆 | |
| 3 | 0328458 | 203284588 | 第一借阅区/ [索取号:F234.3/126] | 在馆 | |
| 4 | 0328459 | 203284597 | 第一借阅区/ [索取号:F234.3/126] | 在馆 | |
| 5 | 0328460 | 203284604 | 第一样本阅览室/ [索取号:F234.3/126] | 在馆 |